LIBRARY & INFORMATION CENTRE, KCAET, TAVANUR

ONLINE PUBLIC ACCESS CATALOGUE (OPAC)

Drip and Sprinkler Irrigation (Record no. 14621)

MARC details
000 -LEADER
fixed length control field 00373nam a22001457a 4500
003 - CONTROL NUMBER IDENTIFIER
control field OSt
008 - FIXED-LENGTH DATA ELEMENTS--GENERAL INFORMATION
fixed length control field 210914b ||||| |||| 00| 0 eng d
020 ## - INTERNATIONAL STANDARD BOOK NUMBER
ISBN 9789383305766
082 ## - DEWEY DECIMAL CLASSIFICATION NUMBER
Classification number 631.7
Item number BIS/DR
100 ## - MAIN ENTRY--AUTHOR NAME
Personal name Biswas,Ranajit Kumar
245 ## - TITLE STATEMENT
Title Drip and Sprinkler Irrigation
260 ## - PUBLICATION, DISTRIBUTION, ETC. (IMPRINT)
Place of publication New Delhi
Name of publisher New India Publishing Agency
Year of publication 2015
300 ## - PHYSICAL DESCRIPTION
Number of Pages 279
942 ## - ADDED ENTRY ELEMENTS (KOHA)
Koha item type Books
Holdings
Withdrawn status Lost status Damaged status Collection code Home library Current library Shelving location Date acquired Source of acquisition Cost, normal purchase price Full call number Accession Number Koha item type
        KAUAET KAUAET General Stacks 21/07/2016 Southern Book Star, Tvm 2100.00 631.7 BIS/DR 24895 Books
        KAUAET KAUAET NAHEP-CAAST Project 07/09/2021   3250.00 631.7 BIS/DR 26013 Books
free website counter